| 000 | 00705nam a22002177a 4500 | ||
|---|---|---|---|
| 005 | 20140806155430.0 | ||
| 010 | _aB-535660-681 | ||
| 020 |
_c295.00 _a9789350097786 |
||
| 035 | _aB-535660-681 | ||
| 037 | _bDBAD/PUB | ||
| 037 |
_bBSB/Ven _adpl |
||
| 082 | _a050 | ||
| 245 | 0 | 0 | _aHachette children's yearbook and infopedia 2014 / |
| 250 | _arev. and updated | ||
| 260 |
_aGurgaon _bHachette Book Publishing _c2013 |
||
| 270 |
_aPlot No.94, Sector 44 _bGurgaon _e122003 |
||
| 300 |
_a256p. : _c22cm(pbk) _e1CD-ROM _bill. |
||
| 500 | _aIncludes index | ||
| 942 |
_2ddc _cCH _mHAC _h050 |
||
| 999 |
_c83918 _d83918 |
||